[Event "CZE-chT2c 0607"]
[Site "Czech Republic"]
[Date "2007.03.25"]
[Round "10.5"]
[White "Efler, David"]
[Black "Tejkal, Lubomir"]
[Result "1-0"]
[WhiteElo "2183"]
[BlackElo "2135"]
[PlyCount "49"]
[EventDate "2006.10.15"]
[EventType "team-tourn"]
[EventRounds "11"]
[EventCountry "CZE"]
[SourceTitle "EXT 2008"]
[Source "ChessBase"]
[SourceDate "2007.11.25"]
[SourceVersion "1"]
[SourceVersionDate "2007.11.25"]
[SourceQuality "1"]
[WhiteTeam "Polabiny II"]
[BlackTeam "Vrchlabi"]
[WhiteTeamCountry "CZE"]
[BlackTeamCountry "CZE"]

1. e4 e6 2. d4 d5 3. e5 c5 4. c3 Nc6 5. Nf3 Bd7 6. Bd3 cxd4 7. cxd4 Qb6 8. 0-0 Nxd4 9. Nxd4 Qxd4 10. Nc3 a6 11. Re1 Rc8 12. a3 Ne7 13. Qf3 Nc6 14. Bf4 Be7 15. Rad1 g5 16. Bg3 Qb6 17. Qh5 Qxb2 18. Nxd5 exd5 19. e6 Bxe6 20. Rxe6 Kd7 21. Qxf7 Qb3 22. Rd6+ Kc7 23. Rxc6+ Kxc6 24. Qe6+ Kc5 25. Rc1+ 1-0

[Event "CZE-chT2c 0607"]
[Site "Czech Republic"]
[Date "2006.12.17"]
[Round "5.5"]
[White "Efler, David"]
[Black "Roj, Miroslav"]
[Result "1/2-1/2"]
[WhiteElo "2183"]
[BlackElo "2175"]
[PlyCount "29"]
[EventDate "2006.10.15"]
[EventType "team-tourn"]
[EventRounds "11"]
[EventCountry "CZE"]
[SourceTitle "EXT 2008"]
[Source "ChessBase"]
[SourceDate "2007.11.25"]
[SourceVersion "1"]
[SourceVersionDate "2007.11.25"]
[SourceQuality "1"]
[WhiteTeam "Polabiny II"]
[BlackTeam "Hradec Kralove II"]
[WhiteTeamCountry "CZE"]
[BlackTeamCountry "CZE"]

1. e4 e6 2. d4 d5 3. e5 c5 4. c3 Nc6 5. Nf3 Bd7 6. Bd3 Qb6 7. 0-0 a5 8. Re1 cxd4 9. cxd4 Nb4 10. Be2 Bb5 11. Nc3 Bxe2 12. Rxe2 Nc6 13. Qd3 Nge7 14. Qb5 Nc8 15. Bf4 1/2-1/2

[Event "Rail 4 countries 22nd"]
[Site "Arosa"]
[Date "2006.06.24"]
[Round "2.6"]
[White "Just, Wolfgang"]
[Black "Efler, David"]
[Result "1/2-1/2"]
[WhiteElo "2166"]
[BlackElo "2190"]
[PlyCount "97"]
[EventDate "2006.06.23"]
[EventType "team-tourn"]
[EventRounds "3"]
[EventCountry "SUI"]
[SourceTitle "CBM 113 Extra"]
[Source "ChessBase"]
[SourceDate "2006.09.14"]
[SourceVersion "1"]
[SourceVersionDate "2006.09.14"]
[SourceQuality "1"]

1. e4 c5 2. Nc3 Nc6 3. f4 g6 4. Nf3 Bg7 5. Bc4 d6 6. 0-0 e6 7. Qe2 Nge7 8. Bb5 0-0 9. Bxc6 Nxc6 10. d3 Qb6 11. Kh1 Bd7 12. e5 d5 13. Qf2 Rac8 14. Na4 Qb5 15. Nxc5 Nb4 16. Nxd7 Rxc2 17. Qd4 Rcc8 18. Nxf8 Nc2 19. Qf2 Nxa1 20. Nd4 Qxd3 21. Nd7 Rc4 22. Be3 Nc2 23. Nxc2 Rxc2 24. Qg1 Rxb2 25. Rc1 h5 26. Bxa7 Qe4 27. Re1 Qc2 28. a3 b5 29. Bd4 Ra2 30. Ra1 Rxa1 31. Qxa1 Qe4 32. Nf6+ Bxf6 33. exf6 Qxf4 34. h3 g5 35. Be5 Qe4 36. Qd4 Qe2 37. Bg3 h4 38. Bd6 Kh7 39. Kh2 Kg6 40. Be7 Kf5 41. Qg1 e5 42. Qa7 d4 43. Qd7+ Kg6 44. Qe8 Qf1 45. Qg8+ Kf5 46. Qxf7 Qf4+ 47. Kg1 Qc1+ 48. Kf2 Qd2+ 49. Kg1 1/2-1/2

[Event "CZE-chT2c 0506"]
[Site "Czech Republic"]
[Date "2005.12.04"]
[Round "4.7"]
[White "Efler, David"]
[Black "Pavlicek, Ivan"]
[Result "1-0"]
[WhiteElo "2204"]
[BlackElo "2175"]
[PlyCount "75"]
[EventDate "2005.10.16"]
[EventType "team-tourn"]
[EventRounds "11"]
[EventCountry "CZE"]
[SourceTitle "EXT 2009"]
[Source "ChessBase"]
[SourceDate "2008.11.26"]
[SourceVersion "1"]
[SourceVersionDate "2008.11.26"]
[SourceQuality "1"]
[WhiteTeam "Polabiny"]
[BlackTeam "Praha Pankrac II"]
[WhiteTeamCountry "CZE"]
[BlackTeamCountry "CZE"]

1. e4 e6 2. d4 d5 3. e5 c5 4. c3 Nc6 5. Nf3 Qb6 6. Bd3 Bd7 7. 0-0 cxd4 8. cxd4 Nb4 9. Be2 Bb5 10. Nc3 Bxe2 11. Qxe2 Nc6 12. Be3 Nge7 13. Qd3 a6 14. Rac1 Rd8 15. g4 Ng6 16. Bg5 Be7 17. Bxe7 Ngxe7 18. Na4 Qc7 19. Nc5 h5 20. h3 hxg4 21. hxg4 Rh6 22. Ng5 Nxe5 23. dxe5 Qxe5 24. f4 Qxb2 25. Rc2 Qb6 26. Qd4 e5 27. fxe5 Qg6 28. Qf4 f6 29. exf6 gxf6 30. Rcf2 Rc8 31. Nge6 Rh4 32. Rg2 b6 33. Nxa6 Rc4 34. Qxf6 Qxf6 35. Rxf6 Rhxg4 36. Nb8 Rc1+ 37. Kf2 Rc2+ 38. Kf3 1-0

[Event "CZE-chT2c 0405"]
[Site "Czech Republic"]
[Date "2005.04.10"]
[Round "11.5"]
[White "Just, Pavel"]
[Black "Efler, David"]
[Result "1/2-1/2"]
[WhiteElo "2103"]
[BlackElo "2190"]
[PlyCount "54"]
[EventDate "2004.10.17"]
[EventType "team-tourn"]
[EventRounds "11"]
[EventCountry "CZE"]
[SourceTitle "EXT 2007"]
[Source "ChessBase"]
[SourceDate "2006.11.23"]
[SourceVersion "1"]
[SourceVersionDate "2006.11.23"]
[SourceQuality "1"]
[WhiteTeam "Polabiny"]
[BlackTeam "Synthesia II"]
[WhiteTeamCountry "CZE"]
[BlackTeamCountry "CZE"]

1. e4 c5 2. c4 Nc6 3. Ne2 g6 4. d4 cxd4 5. Nxd4 Bg7 6. Be3 d6 7. Nc3 Nf6 8. Be2 Bd7 9. 0-0 Ne5 10. f3 0-0 11. Qd2 Rc8 12. b3 Re8 13. Nd5 Bc6 14. Nxf6+ Bxf6 15. Rac1 b6 16. Rfd1 Bb7 17. Nb5 a6 18. Nc3 Nd7 19. Nd5 Bxd5 20. Qxd5 Qc7 21. b4 a5 22. b5 Nc5 23. g3 Rcd8 24. Qd2 e6 25. Qc2 Qe7 26. Rd2 Rd7 27. Rcd1 Red8 1/2-1/2

[Event "CZE-chT2V 0203"]
[Site "Czech Republic"]
[Date "2003.??.??"]
[Round "4"]
[White "Efler, David"]
[Black "Petras, Milan"]
[Result "1/2-1/2"]
[WhiteElo "2185"]
[BlackElo "2119"]
[PlyCount "83"]
[EventDate "2002.10.??"]
[EventType "team-tourn"]
[EventRounds "11"]
[EventCountry "CZE"]
[SourceTitle "EXT 2007"]
[Source "ChessBase"]
[SourceDate "2006.11.23"]
[SourceVersion "1"]
[SourceVersionDate "2006.11.23"]
[SourceQuality "1"]
[WhiteTeam "Polabiny III"]
[BlackTeam "Ricany"]
[WhiteTeamCountry "CZE"]
[BlackTeamCountry "CZE"]

1. e4 e6 2. d4 d5 3. e5 c5 4. c3 Qb6 5. Nf3 Bd7 6. Bd3 cxd4 7. cxd4 Bb5 8. 0-0 Bxd3 9. Qxd3 Nc6 10. Nc3 Nge7 11. b3 Nf5 12. Nxd5 Qd8 13. Nf4 Nfxd4 14. Bb2 Nxf3+ 15. Qxf3 Qa5 16. Rfd1 Be7 17. Nh5 0-0 18. Qg3 g6 19. Nf6+ Bxf6 20. exf6 Rfd8 21. Qe3 Qh5 22. f3 e5 23. Re1 Rac8 24. Bxe5 Nxe5 25. Qxe5 Qxe5 26. Rxe5 Rc6 27. Rae1 Rxf6 28. Re8+ Rxe8 29. Rxe8+ Kg7 30. Re7 Ra6 31. Re2 Kf6 32. Kf2 Rc6 33. Rd2 Ke6 34. Ke3 Rc1 35. Kd3 Rc7 36. Re2+ Kd5 37. Re8 Rd7 38. Ra8 a6 39. Re8 f5 40. g3 Kc5+ 41. Kc3 Rc7 42. f4 1/2-1/2

[Event "CZE-chT B2 corr"]
[Site "Czechia"]
[Date "2003.??.??"]
[Round "?"]
[White "Efler, David"]
[Black "Staufcik, Robert"]
[Result "0-1"]
[WhiteElo "2195"]
[BlackElo "2285"]
[PlyCount "57"]
[EventDate "2002.??.??"]
[EventType "team (corr)"]
[EventRounds "14"]
[EventCountry "CZE"]
[SourceTitle "Corr 2004"]
[Source "ChessBase"]
[SourceDate "2003.04.28"]
[SourceVersion "3"]
[SourceVersionDate "2003.04.28"]
[SourceQuality "1"]

1. e4 e5 2. Nf3 Nc6 3. Bb5 a6 4. Ba4 Nf6 5. 0-0 Be7 6. Re1 b5 7. Bb3 d6 8. c3 0-0 9. h3 Na5 10. Bc2 c5 11. d4 cxd4 12. cxd4 exd4 13. Nxd4 Re8 14. Nc3 Bd7 15. Bf4 Rc8 16. Nd5 Nxd5 17. exd5 Bf6 18. Rxe8+ Qxe8 19. Nf5 Nc4 20. Nxd6 Nxd6 21. Bxd6 Bxb2 22. Bxh7+ Kxh7 23. Qb1+ Bf5 24. Qxb2 Qe4 25. Qd2 Rc2 26. Qd1 Kg8 27. Bg3 b4 28. Qh5 a5 29. d6 0-1

[Event "CZE-chT2V 0203"]
[Site "Czech Republic"]
[Date "2002.??.??"]
[Round "4"]
[White "Efler, David"]
[Black "Nemec, Pavel"]
[Result "1/2-1/2"]
[WhiteElo "2185"]
[BlackElo "2322"]
[PlyCount "20"]
[EventDate "2002.10.??"]
[EventType "team-tourn"]
[EventRounds "11"]
[EventCountry "CZE"]
[SourceTitle "EXT 2007"]
[Source "ChessBase"]
[SourceDate "2006.11.23"]
[SourceVersion "1"]
[SourceVersionDate "2006.11.23"]
[SourceQuality "1"]
[WhiteTeam "Polabiny III"]
[BlackTeam "Chrudim"]
[WhiteTeamCountry "CZE"]
[BlackTeamCountry "CZE"]

1. e4 c5 2. Nf3 d6 3. d4 cxd4 4. Nxd4 Nf6 5. Nc3 a6 6. Bg5 e6 7. Qd2 Be7 8. Be2 Qc7 9. 0-0-0 Nbd7 10. f4 b5 1/2-1/2

[Event "CZE-chT B2 corr"]
[Site "Czechia"]
[Date "2002.??.??"]
[Round "?"]
[White "Plesek, Jiri"]
[Black "Efler, David"]
[Result "1-0"]
[WhiteElo "2400"]
[BlackElo "2195"]
[PlyCount "37"]
[EventDate "2002.??.??"]
[EventType "team (corr)"]
[EventRounds "14"]
[EventCountry "CZE"]
[SourceTitle "Corr 2004"]
[Source "ChessBase"]
[SourceDate "2003.04.28"]
[SourceVersion "3"]
[SourceVersionDate "2003.04.28"]
[SourceQuality "1"]

1. d4 d5 2. c4 e6 3. Nc3 Nf6 4. Bg5 Be7 5. e3 0-0 6. Nf3 Nbd7 7. Rc1 c6 8. Bd3 dxc4 9. Bxc4 Nd5 10. Bxe7 Qxe7 11. Ne4 Qb4+ 12. Qd2 Qxd2+ 13. Kxd2 Rd8 14. Rhd1 N5f6 15. Nxf6+ Nxf6 16. Bd3 Bd7 17. e4 Rac8 18. Ke3 Be8 19. b4 1-0

[Event "CZE-chT B2 corr"]
[Site "Czechia"]
[Date "2002.??.??"]
[Round "?"]
[White "Ramik, Jiri"]
[Black "Efler, David"]
[Result "1/2-1/2"]
[WhiteElo "2340"]
[BlackElo "2195"]
[PlyCount "42"]
[EventDate "2002.??.??"]
[EventType "team (corr)"]
[EventRounds "14"]
[EventCountry "CZE"]
[SourceTitle "Corr 2004"]
[Source "ChessBase"]
[SourceDate "2003.04.28"]
[SourceVersion "3"]
[SourceVersionDate "2003.04.28"]
[SourceQuality "1"]

1. d4 d5 2. Nf3 Nf6 3. c4 e6 4. Nc3 c6 5. Bg5 dxc4 6. e4 b5 7. e5 h6 8. Bh4 g5 9. Nxg5 hxg5 10. Bxg5 Be7 11. exf6 Bxf6 12. Bxf6 Qxf6 13. g3 Bb7 14. Bg2 Na6 15. Nxb5 0-0-0 16. Qa4 cxb5 17. Bxb7+ Kxb7 18. Qxb5+ Ka8 19. Qc6+ Kb8 20. Qb5+ Ka8 21. Qc6+ Kb8 1/2-1/2

[Event "CZE-chTV 0102"]
[Site "Czech Republic"]
[Date "2002.??.??"]
[Round "6"]
[White "Sykora, Josef"]
[Black "Efler, David"]
[Result "1/2-1/2"]
[WhiteElo "2152"]
[BlackElo "2173"]
[PlyCount "55"]
[EventDate "2001.??.??"]
[EventType "team-tourn"]
[EventRounds "11"]
[EventCountry "CZE"]
[SourceTitle "EXT 2003"]
[Source "ChessBase"]
[SourceDate "2002.11.25"]
[SourceVersion "1"]
[SourceVersionDate "2002.11.25"]
[SourceQuality "1"]
[WhiteTeam "Infinity B"]
[BlackTeam "Polabiny"]
[WhiteTeamCountry "CZE"]
[BlackTeamCountry "CZE"]

1. e4 c5 2. b3 Nc6 3. Bb2 d6 4. g3 Nf6 5. Bg2 g6 6. Ne2 Bg7 7. 0-0 0-0 8. d4 cxd4 9. Nxd4 Qb6 10. Nxc6 bxc6 11. Nd2 Be6 12. c4 Rfd8 13. Qc2 Rac8 14. Rac1 a6 15. Qb1 Bh6 16. Rcd1 Rb8 17. Bc3 Nd7 18. Nf3 Nc5 19. h3 a5 20. Nd4 Bd7 21. Kh2 a4 22. b4 Ne6 23. Nc2 Qa6 24. Na3 Nc7 25. Rfe1 Be6 26. Bf1 Qb6 27. Qc2 Ra8 28. f4 1/2-1/2

[Event "CZE-chT2 0102"]
[Site "Czech Republic"]
[Date "2001.10.14"]
[Round "1.7"]
[White "Postupa, Pavel"]
[Black "Efler, David"]
[Result "0-1"]
[WhiteElo "2171"]
[BlackElo "2173"]
[PlyCount "54"]
[EventDate "2001.10.??"]
[EventType "team-tourn"]
[EventRounds "11"]
[EventCountry "CZE"]
[SourceTitle "EXT 2006"]
[Source "ChessBase"]
[SourceDate "2005.11.24"]
[SourceVersion "1"]
[SourceVersionDate "2005.11.24"]
[SourceQuality "1"]

1. e4 c5 2. Nc3 Nc6 3. f4 d6 4. Nf3 g6 5. Bb5 Bg7 6. Bxc6+ bxc6 7. 0-0 Nf6 8. d3 0-0 9. Qe1 Rb8 10. Nd1 Qb6 11. c4 Ne8 12. Qh4 Qd8 13. g4 d5 14. f5 dxe4 15. dxe4 Qd3 16. Ng5 h6 17. fxg6 fxg6 18. Rxf8+ Bxf8 19. Nf2 hxg5 20. Bxg5 Qxc4 21. b3 Qe2 22. Bxe7 Bg7 23. Rd1 Bd4 24. Rxd4 cxd4 25. Bf6 Ba6 26. Kg2 Qf1+ 27. Kg3 Qg1+ 0-1

[Event "CZE-chT 0001"]
[Site "Czech Republic"]
[Date "2001.03.17"]
[Round "8"]
[White "Posta, Petr"]
[Black "Efler, David"]
[Result "1-0"]
[WhiteElo "2160"]
[BlackElo "2175"]
[PlyCount "103"]
[EventDate "2000.11.19"]
[EventType "team-tourn"]
[EventRounds "11"]
[EventCountry "CZE"]
[SourceTitle "EXT 2019"]
[Source "ChessBase"]
[SourceDate "2018.10.10"]
[SourceVersion "1"]
[SourceVersionDate "2018.10.10"]
[SourceQuality "1"]
[WhiteTeam "Pardubice RC Sport"]
[BlackTeam "Kolin SK Sokol"]
[WhiteTeamCountry "CZE"]
[BlackTeamCountry "CZE"]

1. e4 c5 2. Nf3 e6 3. d4 cxd4 4. Nxd4 a6 5. Nc3 Qc7 6. g3 Nf6 7. Bg2 Nc6 8. 0-0 Be7 9. Re1 Nxd4 10. Qxd4 Bc5 11. Qd1 d6 12. Na4 Ba7 13. Bf4 e5 14. Be3 Bxe3 15. Rxe3 Be6 16. Nc3 0-0 17. a4 Rad8 18. Qd2 Qc5 19. Ree1 h5 20. Qe3 Qb4 21. b3 Ng4 22. Na2 Qa5 23. Qe2 b5 24. Nc1 Rc8 25. Nd3 Qc3 26. Rec1 Rc7 27. Qe1 Rfc8 28. axb5 axb5 29. Rab1 Qd4 30. Qe2 Rc3 31. Ne1 Qc5 32. Rd1 h4 33. gxh4 Nf6 34. Rd3 b4 35. Rxc3 Qxc3 36. Qd3 Qxd3 37. Nxd3 Rxc2 38. Nxb4 Rd2 39. Nc6 Ng4 40. b4 Nxf2 41. b5 Ba2 42. Ra1 Nd3 43. b6 Nc5 44. Nd8 Nd7 45. b7 Rc2 46. Rd1 Nb8 47. Rxd6 Kf8 48. Nc6 Rc1+ 49. Bf1 Rxc6 50. Rd8+ Ke7 51. Rxb8 Rb6 52. Ba6 1-0

[Event "CZE-chTV 0102"]
[Site "Czech Republic"]
[Date "2001.??.??"]
[Round "5"]
[White "Laznicka, Viktor"]
[Black "Efler, David"]
[Result "1/2-1/2"]
[WhiteElo "2164"]
[BlackElo "2173"]
[PlyCount "82"]
[EventDate "2001.??.??"]
[EventType "team-tourn"]
[EventRounds "11"]
[EventCountry "CZE"]
[SourceTitle "EXT 2003"]
[Source "ChessBase"]
[SourceDate "2002.11.25"]
[SourceVersion "1"]
[SourceVersionDate "2002.11.25"]
[SourceQuality "1"]
[WhiteTeam "Synthesia"]
[BlackTeam "Polabiny"]
[WhiteTeamCountry "CZE"]
[BlackTeamCountry "CZE"]

1. e4 c5 2. Nf3 e6 3. d4 cxd4 4. Nxd4 a6 5. Bd3 Qc7 6. 0-0 Nc6 7. Be3 Nf6 8. Nc3 Bd6 9. h3 0-0 10. Nb3 Bf4 11. Qd2 Bxe3 12. Qxe3 b5 13. f4 d6 14. a4 b4 15. Ne2 Bb7 16. a5 Rfe8 17. Ng3 Rad8 18. Qe2 Bc8 19. Kh1 Qa7 20. e5 dxe5 21. fxe5 Nd5 22. Rae1 Qc7 23. Qh5 g6 24. Qg5 Qe7 25. Qg4 Qc7 26. Qg5 Qe7 27. Qh6 Qf8 28. Qh4 Qe7 29. Qe4 Bb7 30. Re2 Qg5 31. Kh2 f5 32. exf6 Nxf6 33. Qc4 Ne5 34. Qc7 Nxd3 35. cxd3 Rxd3 36. Nc5 Rc8 37. Qxc8+ Bxc8 38. Nxd3 Ng4+ 39. Kh1 Nf6 40. Kh2 Ng4+ 41. Kh1 Nf6 1/2-1/2

[Event "CZE-chT2 9900"]
[Site "Czech Republic"]
[Date "2000.??.??"]
[Round "?"]
[White "Efler, David"]
[Black "Vacek, Radomir"]
[Result "1-0"]
[WhiteElo "2200"]
[BlackElo "2237"]
[PlyCount "87"]
[EventDate "1999.??.??"]
[EventType "team-tourn"]
[EventRounds "11"]
[EventCountry "CZE"]
[SourceTitle "EXT 2001"]
[Source "ChessBase"]
[SourceDate "2000.11.22"]
[SourceVersion "1"]
[SourceVersionDate "2000.11.22"]
[SourceQuality "1"]

1. e4 c5 2. Nf3 d6 3. d4 cxd4 4. Nxd4 Nf6 5. Nc3 a6 6. Bg5 e6 7. Qd2 Bd7 8. f4 Qc7 9. Be2 Nc6 10. Nb3 b5 11. Bf3 Rc8 12. 0-0 Be7 13. Rad1 Rd8 14. a3 Bc8 15. Qf2 h6 16. Bh4 Bb7 17. Qg3 0-0 18. Qh3 Nd7 19. Bxe7 Nxe7 20. Nd4 Qb6 21. Kh1 Nf6 22. Qg3 d5 23. e5 Ne4 24. Qe1 Nf5 25. Nxf5 exf5 26. h3 Qc6 27. Ne2 Qg6 28. Kh2 Rc8 29. Nd4 Rc4 30. c3 Rfc8 31. g4 fxg4 32. hxg4 Qb6 33. Nf5 Qc7 34. Qh4 Re8 35. Bxe4 Rxe4 36. Kg3 Re2 37. Rf2 Rxf2 38. Kxf2 Qc4 39. Qg3 Qb3 40. Rd2 Rd8 41. g5 h5 42. g6 d4 43. gxf7+ Qxf7 44. Nh6+ 1-0

[Event "CZE-chT2 9900"]
[Site "Czech Republic"]
[Date "2000.??.??"]
[Round "?"]
[White "Efler, David"]
[Black "Vodicka, Vlastimil"]
[Result "1/2-1/2"]
[WhiteElo "2200"]
[BlackElo "2245"]
[PlyCount "52"]
[EventDate "1999.??.??"]
[EventType "team-tourn"]
[EventRounds "11"]
[EventCountry "CZE"]
[SourceTitle "EXT 2001"]
[Source "ChessBase"]
[SourceDate "2000.11.22"]
[SourceVersion "1"]
[SourceVersionDate "2000.11.22"]
[SourceQuality "1"]

1. e4 c5 2. Nf3 d6 3. d4 cxd4 4. Nxd4 Nf6 5. Nc3 Nc6 6. Be2 e6 7. Be3 Be7 8. 0-0 0-0 9. Kh1 a6 10. f4 Nxd4 11. Bxd4 Bd7 12. Bd3 g6 13. e5 Ne8 14. Ne4 Bc6 15. Qe1 dxe5 16. Bxe5 Nd6 17. Nxd6 Bxd6 18. Rd1 Bxe5 19. Qxe5 Qb6 20. b3 Qb4 21. Qf6 Rae8 22. h3 Qc5 23. Rde1 Rd8 24. Re5 Qd4 25. h4 Rd5 26. Rfe1 Rxe5 1/2-1/2

[Event "CZE-chT2a 0001"]
[Site "Czech Republic"]
[Date "2000.??.??"]
[Round "4"]
[White "Smejkal, Ladislav"]
[Black "Efler, David"]
[Result "0-1"]
[WhiteElo "2130"]
[BlackElo "2175"]
[PlyCount "102"]
[EventDate "2000.??.??"]
[EventType "team-tourn"]
[EventRounds "11"]
[EventCountry "CZE"]
[SourceTitle "EXT 2003"]
[Source "ChessBase"]
[SourceDate "2002.11.25"]
[SourceVersion "1"]
[SourceVersionDate "2002.11.25"]
[SourceQuality "1"]

1. Nf3 Nf6 2. g3 b5 3. Bg2 Bb7 4. c4 bxc4 5. Qa4 e6 6. Qxc4 c5 7. d3 d5 8. Qb3 Qb6 9. Qxb6 axb6 10. Bf4 Be7 11. 0-0 0-0 12. Nc3 Nc6 13. h3 Ba6 14. Rfc1 b5 15. a4 b4 16. Nb5 Na5 17. Nd2 Nd7 18. Bc7 Nb7 19. g4 Rfc8 20. Bg3 Bf6 21. Rcb1 Bxb2 22. Rxb2 Bxb5 23. Rba2 Ba6 24. Rb2 Na5 25. Rc1 Nb6 26. Ra1 f6 27. f4 Ra7 28. Bf2 Rac7 29. Nb3 Nxb3 30. Rxb3 d4 31. a5 Nd5 32. Bxd5 exd5 33. Rb2 Kf7 34. Rc1 Ke7 35. f5 Kd7 36. Kf1 Bb5 37. Ke1 Rc6 38. Kd2 Kc7 39. e3 dxe3+ 40. Bxe3 Kb7 41. Bf4 Ka6 42. Ra1 Re8 43. Rbb1 c4 44. Rxb4 c3+ 45. Kc2 Re2+ 46. Kb3 Rb2+ 47. Ka3 Rxb4 48. Kxb4 Bxd3 49. Rd1 Rc4+ 50. Kb3 Rxf4 51. Rxd3 d4 0-1